Online
Catalog

María mar moriviví / (Record no. 22733)

MARC details
000 -CABECERA
campo de control de longitud fija 00443nam a2200157 a 4500
001 - NÚMERO DE CONTROL
campo de control 000023236
005 - FECHA Y HORA DE LA ÚLTIMA TRANSACCIÓN
campo de control 20200930022059.0
008 - DATOS DE LONGITUD FIJA--INFORMACIÓN GENERAL
campo de control de longitud fija 101130s1976 nyu r 000 0 spa d
040 ## - FUENTE DE LA CATALOGACIÓN
Centro catalogador/agencia de origen DO-SdBNP
Lengua de catalogación spa
Centro/agencia transcriptor BNPHU
082 ## - NÚMERO DE LA CLASIFICACIÓN DECIMAL DEWEY
Número de clasificación NNN
Número de documento/Ítem R621m
049 ## - FONDOS LOCALES (OCLC)
Fondos de biblioteca BNGR
100 1# - ENTRADA PRINCIPAL--NOMBRE DE PERSONA
Nombre de persona Rivera, Etnairis,
Fechas asociadas al nombre 1949-
9 (RLIN) 14411
245 10 - MENCIÓN DE TÍTULO
Título María mar moriviví /
Mención de responsabilidad, etc. Etnairis Rivera.
260 ## - PUBLICACIÓN, DISTRIBUCIÓN, ETC.
Lugar de publicación, distribución, etc. New York :
Nombre del editor, distribuidor, etc. elv, El Libro Viaje,
Fecha de publicación, distribución, etc. 1976.
300 ## - DESCRIPCIÓN FÍSICA
Extensión 137, [1] p. ;
Dimensiones 18 cm.
Holdings
Estado de retiro Estado de pérdida Restricciones de uso No para préstamo Código de colección Localización permanente Ubicación/localización actual Ubicación en estantería Fecha de adquisición Número de inventario Total de préstamos Signatura topográfica completa Código de barras Fecha visto por última vez Precio válido a partir de Tipo de ítem Koha Número de copia
    Préstamo interno   Monografías: Libros y Folletos General General Depósito 30.11.2010 LF1   NNN R621m 23236-10 25.06.2020 25.06.2020 Préstamo interno  
    Préstamo interno Préstamo restrigido Monografías: Libros y Folletos General General Depósito 13.08.2013 LF1   NNN R621m 23236-20 25.06.2020 25.06.2020 Préstamo interno e. 2

Powered by Koha